[Event "Wch Seniors 65 28th"]
[Site "Bled"]
[Date "2018.11.23"]
[Round "6"]
[White "Bondar, Leonid"]
[Black "Karnar, Marijan"]
[Result "1/2-1/2"]
[WhiteElo "1931"]
[BlackElo "2226"]
[PlyCount "35"]
[EventDate "2018.11.18"]
[EventType "swiss"]
[EventRounds "11"]
[EventCountry "SLO"]
[SourceTitle "CBM 187 Extra"]
[Source "ChessBase"]
[SourceDate "2018.11.04"]
[SourceVersion "1"]
[SourceVersionDate "2018.11.04"]
[SourceQuality "1"]

1. e4 e6 2. d4 d5 3. Nd2 Nf6 4. e5 Nfd7 5. Bd3 c5 6. c3 Nc6 7. Ne2 cxd4 8. cxd4 f6 9. exf6 Nxf6 10. 0-0 Bd6 11. Nf3 Qc7 12. h3 0-0 13. Be3 Bd7 14. Rc1 Rac8 15. Nc3 a6 16. a3 b5 17. Qd2 Qb8 18. Rfe1 1/2-1/2

[Event "SLO-chT1 West"]
[Site "Slovenia"]
[Date "2018.10.26"]
[Round "7.3"]
[White "Hiti, Domen"]
[Black "Karnar, Marijan"]
[Result "1-0"]
[WhiteElo "2237"]
[BlackElo "2232"]
[PlyCount "51"]
[EventDate "2018.09.28"]
[EventType "team-tourn"]
[EventRounds "9"]
[EventCountry "SLO"]
[SourceTitle "CBM 187 Extra"]
[Source "ChessBase"]
[SourceDate "2018.11.04"]
[SourceVersion "1"]
[SourceVersionDate "2018.11.04"]
[SourceQuality "1"]
[WhiteTeam "Ig"]
[BlackTeam "Domzale Tajfun"]
[WhiteTeamCountry "SLO"]
[BlackTeamCountry "SLO"]

1. d4 e6 2. c4 Nf6 3. Nc3 c5 4. d5 exd5 5. cxd5 d6 6. e4 g6 7. f4 Bg7 8. Bb5+ Nfd7 9. a4 0-0 10. Nf3 Na6 11. 0-0 Nb4 12. Re1 a6 13. Bf1 Re8 14. Be3 b6 15. Bf2 Bb7 16. Qd2 Qc7 17. Bc4 Rad8 18. Bh4 Rb8 19. e5 b5 20. axb5 Nb6 21. b3 Nxc4 22. bxc4 dxe5 23. fxe5 Ra8 24. Bg3 Qd7 25. Ne4 axb5 26. Nxc5 1-0

[Event "SLO-chT Central 1st League 17th"]
[Site "Slovenia"]
[Date "2016.11.10"]
[Round "7.1"]
[White "Lazarevic, Djordje"]
[Black "Karnar, Marijan"]
[Result "0-1"]
[WhiteElo "1748"]
[BlackElo "2214"]
[PlyCount "39"]
[EventDate "2016.09.22"]
[EventType "team-tourn"]
[EventRounds "7"]
[EventCountry "SLO"]
[SourceTitle "EXT 2023"]
[Source "ChessBase"]
[SourceDate "2022.10.05"]
[SourceVersion "1"]
[SourceVersionDate "2022.10.05"]
[SourceQuality "1"]
[WhiteTeam "Zelenci LPP"]
[BlackTeam "Kamnik DU"]
[WhiteTeamCountry "SLO"]
[BlackTeamCountry "SLO"]

1. e4 e6 2. d4 d5 3. Nd2 Nf6 4. e5 Nfd7 5. Bd3 c5 6. c3 Nc6 7. Ne2 cxd4 8. cxd4 f6 9. f4 fxe5 10. fxe5 Nxd4 11. 0-0 Qb6 12. Kh1 Nxe5 13. Bb1 Bd7 14. Nxd4 Qxd4 15. Qb3 Bd6 16. Nf3 Qc4 17. Qd1 0-0 18. Be3 Nxf3 19. Bd3 Qh4 20. h3 0-1

[Event "Ljubljana-chT 67th Superliga"]
[Site "Ljubljana"]
[Date "2014.03.20"]
[Round "8.1"]
[White "Krumpak, Hinko"]
[Black "Karnar, Marijan"]
[Result "1/2-1/2"]
[WhiteElo "2139"]
[BlackElo "2244"]
[PlyCount "56"]
[EventDate "2014.01.09"]
[EventType "team-tourn"]
[EventRounds "9"]
[EventCountry "SLO"]
[SourceTitle "EXT 2022"]
[Source "ChessBase"]
[SourceDate "2021.10.06"]
[SourceVersion "1"]
[SourceVersionDate "2021.10.06"]
[SourceQuality "1"]
[WhiteTeam "Visnja Gora Sticna"]
[BlackTeam "Domzale SD"]
[WhiteTeamCountry "SLO"]
[BlackTeamCountry "SLO"]

1. d4 e6 2. e4 d5 3. exd5 exd5 4. c4 Bb4+ 5. Nc3 Ne7 6. Bd3 Nbc6 7. Nge2 0-0 8. 0-0 Bg4 9. f3 dxc4 10. Bxh7+ Kxh7 11. fxg4 Qd7 12. Qc2+ Ng6 13. Qf5 Qxf5 14. gxf5 Nge7 15. d5 Bc5+ 16. Kh1 Nb4 17. Rf4 Nbxd5 18. Rh4+ Kg8 19. Rxc4 Bd6 20. g4 Rfe8 21. Bg5 f6 22. Bf4 Bxf4 23. Nxf4 Nxf4 24. Rxf4 Rad8 25. Re4 Nc6 26. Rxe8+ Rxe8 27. Rd1 Ne5 28. h3 c6 1/2-1/2

[Event "Ljubljana-chT 67th Superliga"]
[Site "Ljubljana"]
[Date "2014.01.23"]
[Round "3.1"]
[White "Karnar, Marijan"]
[Black "Guid, Matej"]
[Result "0-1"]
[WhiteElo "2244"]
[BlackElo "2279"]
[PlyCount "102"]
[EventDate "2014.01.09"]
[EventType "team-tourn"]
[EventRounds "9"]
[EventCountry "SLO"]
[SourceTitle "EXT 2022"]
[Source "ChessBase"]
[SourceDate "2021.10.06"]
[SourceVersion "1"]
[SourceVersionDate "2021.10.06"]
[SourceQuality "1"]
[WhiteTeam "Domzale SD"]
[BlackTeam "Mentor"]
[WhiteTeamCountry "SLO"]
[BlackTeamCountry "SLO"]

1. Nf3 d5 2. g3 Nc6 3. c4 Nf6 4. Bg2 e5 5. cxd5 Nxd5 6. d3 Be7 7. Nc3 Nb6 8. 0-0 0-0 9. a3 a5 10. Bd2 Re8 11. Rc1 Bf5 12. Na4 Nxa4 13. Qxa4 Bf6 14. Bc3 Nd4 15. Rfe1 c6 16. Bxd4 exd4 17. Nd2 Bg5 18. Qc2 Bg4 19. Bf3 Qd7 20. Rb1 Bxd2 21. Qxd2 Qf5 22. Kg2 Re6 23. Bxg4 Qxg4 24. h3 Qf5 25. b4 Rh6 26. h4 Qd5+ 27. Kg1 a4 28. e4 dxe3 29. Rxe3 Rd6 30. Qc2 Re6 31. Re4 b5 32. Rc1 Rae8 33. Rxe6 Rxe6 34. Qd2 h6 35. d4 Re4 36. Rc5 Qe6 37. Re5 Rxe5 38. dxe5 Qxe5 39. Kh2 Qd5 40. Qc3 Kf8 41. Qe3 f6 42. f3 Kf7 43. Qc3 g5 44. h5 Qc4 45. Qe3 Qa2+ 46. Kg1 Qb3 47. Qa7+ Ke6 48. Kg2 Qb2+ 49. Kh3 Qxa3 50. Qb8 Qxf3 51. Qg8+ Ke5 0-1

[Event "SLO-chT1 West"]
[Site "Ljubljana"]
[Date "2013.10.25"]
[Round "7"]
[White "Belamaric, Goran"]
[Black "Karnar, Marijan"]
[Result "1/2-1/2"]
[WhiteElo "2270"]
[BlackElo "2248"]
[PlyCount "81"]
[EventDate "2013.09.27"]
[EventType "team-tourn"]
[EventRounds "9"]
[EventCountry "SLO"]
[SourceTitle "EXT 2019"]
[Source "ChessBase"]
[SourceDate "2018.10.10"]
[SourceVersion "1"]
[SourceVersionDate "2018.10.10"]
[SourceQuality "1"]
[WhiteTeam "Piran"]
[BlackTeam "Domzale"]
[WhiteTeamCountry "SLO"]
[BlackTeamCountry "SLO"]

1. e4 e6 2. d4 d5 3. e5 c5 4. Nf3 Nc6 5. Bd3 cxd4 6. 0-0 Nge7 7. Bf4 Ng6 8. Bg3 Be7 9. Re1 Bd7 10. Nbd2 Nh4 11. a3 a5 12. Nxh4 Bxh4 13. Qg4 Bxg3 14. hxg3 0-0 15. Nf3 f5 16. Qf4 h6 17. g4 fxg4 18. Qxg4 Qe8 19. Bg6 Qe7 20. Rad1 Be8 21. Nh4 Bf7 22. f4 Qe8 23. Rd3 Ne7 24. f5 exf5 25. Nxf5 Nxg6 26. e6 Kh7 27. Qxd4 Rg8 28. Rde3 Bxe6 29. Rxe6 Qf7 30. Qxd5 Raf8 31. Rf1 Ne7 32. Qe4 Nxf5 33. g4 Qc7 34. gxf5 Qg3+ 35. Qg2 Qxg2+ 36. Kxg2 Rc8 37. Rf2 Rc7 38. c3 Rf8 39. Kg3 Rc5 40. Kg4 b5 41. Rf4 1/2-1/2

[Event "SLO-chT1 West"]
[Site "Ljubljana"]
[Date "2013.10.19"]
[Round "5"]
[White "Kolaric, Spela"]
[Black "Karnar, Marijan"]
[Result "1/2-1/2"]
[WhiteElo "2016"]
[BlackElo "2248"]
[PlyCount "183"]
[EventDate "2013.09.27"]
[EventType "team-tourn"]
[EventRounds "9"]
[EventCountry "SLO"]
[SourceTitle "EXT 2019"]
[Source "ChessBase"]
[SourceDate "2018.10.10"]
[SourceVersion "1"]
[SourceVersionDate "2018.10.10"]
[SourceQuality "1"]
[WhiteTeam "Kocevje"]
[BlackTeam "Domzale"]
[WhiteTeamCountry "SLO"]
[BlackTeamCountry "SLO"]

1. d4 c5 2. Nf3 g6 3. g3 Bg7 4. Bg2 cxd4 5. Nxd4 Nc6 6. Nf3 d5 7. 0-0 Nf6 8. c3 0-0 9. Nbd2 e5 10. Nb3 h6 11. Re1 Re8 12. Nfd2 e4 13. Nf1 b6 14. Be3 Bb7 15. Bd4 Qd6 16. Ne3 Rad8 17. a4 Nxd4 18. Nxd4 a6 19. Qc2 Qc5 20. Red1 h5 21. b4 Qe7 22. Qb3 Ng4 23. Nxg4 hxg4 24. e3 Rc8 25. Rac1 Be5 26. Qa2 Rc7 27. Qe2 Rec8 28. Qd2 Kg7 29. h3 Qd7 30. hxg4 Qxg4 31. Ne2 Qe6 32. Rc2 Qe8 33. a5 bxa5 34. bxa5 Qb5 35. Ra1 Qd3 36. Rb1 Bc6 37. Bf1 Ba4 38. Rcb2 Bb5 39. Nf4 Qxd2 40. Rxd2 Bxf4 41. gxf4 Bxf1 42. Kxf1 Rc5 43. Ra1 Rb5 44. Ra3 Rcc5 45. Rda2 Kf6 46. Kg2 Kf5 47. Kg3 Rc4 48. Rd2 Rcc5 49. Rda2 f6 50. Ra1 Rc8 51. Rd1 g5 52. fxg5 Rg8 53. Kg2 Rxg5+ 54. Kf1 Rg7 55. Ra4 Rc7 56. Ra3 Ke5 57. Ke2 Rcc5 58. Rda1 Rb2+ 59. Ke1 f5 60. Rd1 Rbb5 61. Rda1 f4 62. exf4+ Kxf4 63. R1a2 Rc4 64. Ke2 Rcc5 65. Kd2 Rb8 66. Ke2 Rcb5 67. Rd2 Rc5 68. Rda2 Rc6 69. Rd2 Rb5 70. Rda2 Rf6 71. Ra4 Rc6 72. R4a3 Rc4 73. Rd2 Rbc5 74. Rb2 Rxc3 75. Rxc3 Rxc3 76. Rb6 d4 77. Rxa6 d3+ 78. Kd2 Rc2+ 79. Ke1 Re2+ 80. Kf1 Ra2 81. Ke1 Ke5 82. Ra8 Re2+ 83. Kf1 Ra2 84. Ke1 Kd5 85. a6 Kc6 86. Re8 Re2+ 87. Kf1 Kb6 88. Re6+ Ka7 89. Rd6 Ra2 90. f3 Ra1+ 91. Kf2 Ra2+ 92. Kf1 1/2-1/2

[Event "SLO-chT1 West"]
[Site "Ljubljana"]
[Date "2013.10.18"]
[Round "4"]
[White "Karnar, Marijan"]
[Black "Brcar, Ales"]
[Result "1/2-1/2"]
[WhiteElo "2248"]
[BlackElo "2039"]
[PlyCount "51"]
[EventDate "2013.09.27"]
[EventType "team-tourn"]
[EventRounds "9"]
[EventCountry "SLO"]
[SourceTitle "EXT 2019"]
[Source "ChessBase"]
[SourceDate "2018.10.10"]
[SourceVersion "1"]
[SourceVersionDate "2018.10.10"]
[SourceQuality "1"]
[WhiteTeam "Domzale"]
[BlackTeam "Trebnje BMP"]
[WhiteTeamCountry "SLO"]
[BlackTeamCountry "SLO"]

1. Nf3 d5 2. c4 c6 3. g3 Nf6 4. b3 Bg4 5. Ne5 Bf5 6. Bg2 Nbd7 7. Nxd7 Qxd7 8. Bb2 Bh3 9. 0-0 Bxg2 10. Kxg2 h5 11. Bxf6 exf6 12. h4 g5 13. Rh1 Be7 14. e3 0-0-0 15. d4 Rdg8 16. Nd2 gxh4 17. Rxh4 Rg4 18. Rxg4 hxg4 19. Qc2 Bb4 20. Rh1 Rxh1 21. Kxh1 Bxd2 22. Qxd2 Qf5 23. Kg1 Qb1+ 24. Kg2 Qe4+ 25. Kg1 Qb1+ 26. Kg2 1/2-1/2

[Event "Ljubljana-chT 66th Superliga"]
[Site "Ljubljana"]
[Date "2013.02.07"]
[Round "4.1"]
[White "Roskar, Robert"]
[Black "Karnar, Marijan"]
[Result "0-1"]
[WhiteElo "2266"]
[BlackElo "2249"]
[PlyCount "70"]
[EventDate "2013.01.10"]
[EventType "team-tourn"]
[EventRounds "9"]
[EventCountry "SLO"]
[SourceTitle "EXT 2022"]
[Source "ChessBase"]
[SourceDate "2021.10.06"]
[SourceVersion "1"]
[SourceVersionDate "2021.10.06"]
[SourceQuality "1"]
[WhiteTeam "Klinicni Center"]
[BlackTeam "Domzale SD"]
[WhiteTeamCountry "SLO"]
[BlackTeamCountry "SLO"]

1. e4 e6 2. d4 d5 3. Nc3 Nf6 4. Bg5 Bb4 5. e5 h6 6. Bd2 Bxc3 7. bxc3 Ne4 8. Qg4 g6 9. Bd3 Bd7 10. Nf3 Nxd2 11. Kxd2 Qe7 12. Rhb1 b6 13. a4 Nc6 14. h4 Na5 15. Qf4 0-0-0 16. Nh2 Kb7 17. Qg3 Rc8 18. Ng4 c5 19. Nf6 Rc7 20. Qf4 cxd4 21. cxd4 Nc4+ 22. Kd1 h5 23. a5 Rhc8 24. Rb3 b5 25. f3 Ka8 26. g4 b4 27. gxh5 gxh5 28. Nxh5 Na3 29. Rb2 Ba4 30. Raa2 Rc3 31. Kd2 b3 32. cxb3 Bxb3 33. Rxb3 Rxb3 34. Nf6 Qb4+ 35. Ke2 Rxd3 0-1

[Event "SLO-chT1 West"]
[Site "Ljubljana"]
[Date "2012.09.30"]
[Round "6.1"]
[White "Piskur, Mitja"]
[Black "Karnar, Marijan"]
[Result "1/2-1/2"]
[WhiteElo "2312"]
[BlackElo "2230"]
[PlyCount "36"]
[EventDate "2012.09.21"]
[EventType "team-tourn"]
[EventRounds "9"]
[EventCountry "SLO"]
[SourceTitle "EXT 2022"]
[Source "ChessBase"]
[SourceDate "2021.10.06"]
[SourceVersion "1"]
[SourceVersionDate "2021.10.06"]
[SourceQuality "1"]
[WhiteTeam "Podpec"]
[BlackTeam "Domzale SD"]
[WhiteTeamCountry "SLO"]
[BlackTeamCountry "SLO"]

1. d3 e6 2. f4 d5 3. Nf3 Nf6 4. g3 b6 5. Bg2 Bb7 6. 0-0 c5 7. c3 Nc6 8. Ne5 Be7 9. Nd2 0-0 10. Nxc6 Bxc6 11. Nc4 Nd7 12. Nd2 b5 13. e4 dxe4 14. Nxe4 Rc8 15. Be3 Nf6 16. Qe2 Qc7 17. Rad1 Nxe4 18. dxe4 Qb7 1/2-1/2

[Event "SLO-chT1 West"]
[Site "Ljubljana"]
[Date "2012.09.22"]
[Round "2.1"]
[White "Karnar, Marijan"]
[Black "Cirkvencic, Franci"]
[Result "1-0"]
[WhiteElo "2230"]
[BlackElo "2179"]
[PlyCount "87"]
[EventDate "2012.09.21"]
[EventType "team-tourn"]
[EventRounds "9"]
[EventCountry "SLO"]
[SourceTitle "EXT 2022"]
[Source "ChessBase"]
[SourceDate "2021.10.06"]
[SourceVersion "1"]
[SourceVersionDate "2021.10.06"]
[SourceQuality "1"]
[WhiteTeam "Domzale SD"]
[BlackTeam "Kranj Stari Mayr"]
[WhiteTeamCountry "SLO"]
[BlackTeamCountry "SLO"]

1. Nf3 Nf6 2. g3 g6 3. Bg2 Bg7 4. 0-0 0-0 5. c4 d6 6. Nc3 e5 7. Rb1 a5 8. a3 Nc6 9. b4 axb4 10. axb4 Bf5 11. d3 Qd7 12. Re1 Nd8 13. Bb2 c6 14. Ra1 Rxa1 15. Qxa1 h6 16. b5 Re8 17. Nd2 Bh3 18. bxc6 bxc6 19. Bh1 Bf5 20. Nce4 c5 21. Bc3 Nxe4 22. Nxe4 Bxe4 23. Bxe4 Kh7 24. Rb1 Re7 25. Qa8 f5 26. Bd5 Ne6 27. Rb8 Nf8 28. Rd8 Qc7 29. Rxf8 Bxf8 30. Qxf8 Rg7 31. Kg2 Qe7 32. Qa8 Qa7 33. f4 Qxa8 34. Bxa8 Re7 35. Kf3 Kg7 36. Bd5 Kf6 37. Ba5 Re8 38. Bc7 exf4 39. Bxd6 fxg3 40. hxg3 g5 41. Bxc5 g4+ 42. Kf2 h5 43. Bd6 h4 44. gxh4 1-0

[Event "Ljubljana-chT 65th Superliga"]
[Site "Ljubljana"]
[Date "2012.03.22"]
[Round "9.1"]
[White "Kralj, Samo"]
[Black "Karnar, Marijan"]
[Result "0-1"]
[WhiteElo "1958"]
[BlackElo "2227"]
[PlyCount "87"]
[EventDate "2012.01.12"]
[EventType "team-tourn"]
[EventRounds "9"]
[EventCountry "SLO"]
[SourceTitle "EXT 2022"]
[Source "ChessBase"]
[SourceDate "2021.10.06"]
[SourceVersion "1"]
[SourceVersionDate "2021.10.06"]
[SourceQuality "1"]
[WhiteTeam "Komenda Pogi"]
[BlackTeam "Domzale SD"]
[WhiteTeamCountry "SLO"]
[BlackTeamCountry "SLO"]

1. e4 e6 2. Nf3 d5 3. Nc3 Nf6 4. e5 Nfd7 5. d4 a6 6. Bd3 Be7 7. Ne2 c5 8. c3 Nc6 9. a3 b5 10. Be3 Na5 11. Qc2 c4 12. Bxh7 Nf8 13. Bd3 cxd3 14. Qxd3 Bd7 15. h4 Qc7 16. g4 Qc4 17. Qc2 Nb3 18. Rd1 a5 19. h5 b4 20. axb4 axb4 21. Bg5 Bb5 22. Nf4 bxc3 23. bxc3 Bb4 24. Ne2 Qxe2+ 25. Qxe2 Bxc3+ 26. Kf1 Bxe2+ 27. Kxe2 Na5 28. Rc1 Bb2 29. Rc7 Nc4 30. h6 g6 31. Nd2 Nxd2 32. Kxd2 Nd7 33. Kc2 Nxe5 34. Kxb2 Nxg4 35. Kc2 0-0 36. h7+ Kh8 37. Bf4 Ra2+ 38. Kd3 Rxf2 39. Bh2 Rf5 40. Rc4 dxc4+ 41. Kxc4 Rg5 42. Bd6 Rc8+ 43. Bc5 Rcxc5+ 44. dxc5 0-1

[Event "Ljubljana-chT 65th Superliga"]
[Site "Ljubljana"]
[Date "2012.03.01"]
[Round "6.1"]
[White "Karnar, Marijan"]
[Black "Peric, Bernard"]
[Result "0-1"]
[WhiteElo "2227"]
[BlackElo "2042"]
[PlyCount "92"]
[EventDate "2012.01.12"]
[EventType "team-tourn"]
[EventRounds "9"]
[EventCountry "SLO"]
[SourceTitle "EXT 2022"]
[Source "ChessBase"]
[SourceDate "2021.10.06"]
[SourceVersion "1"]
[SourceVersionDate "2021.10.06"]
[SourceQuality "1"]
[WhiteTeam "Domzale SD"]
[BlackTeam "Zagorje ob Savi"]
[WhiteTeamCountry "SLO"]
[BlackTeamCountry "SLO"]

1. Nf3 Nf6 2. b3 g6 3. Bb2 Bg7 4. c4 c6 5. g3 0-0 6. Bg2 d5 7. 0-0 Bd7 8. h3 Qc8 9. Kh2 Ng4+ 10. hxg4 Bxb2 11. Nc3 Bxa1 12. Qxa1 dxc4 13. bxc4 Bxg4 14. d4 Nd7 15. Qc1 Nf6 16. Ne5 Rd8 17. Qf4 Qf5 18. Qe3 Qc8 19. f3 Be6 20. Rh1 Qc7 21. Kg1 Qd6 22. Rh4 Qa3 23. g4 Qd6 24. g5 Nh5 25. Ne4 Qb4 26. Kf2 Ng7 27. a3 Qb2 28. Ng3 Nf5 29. Nxf5 Bxf5 30. Nxf7 Kxf7 31. Rxh7+ Kg8 32. Qxe7 Qxd4+ 33. e3 Qb2+ 34. Kg3 Rf8 35. e4 Rae8 36. Qc7 Bxe4 37. fxe4 Qe5+ 38. Qxe5 Rxe5 39. Rxb7 Rxg5+ 40. Kh3 Rf7 41. Rb8+ Kg7 42. Re8 Rd7 43. Bf3 Rd3 44. Kh4 Rg1 45. Bg4 Rdg3 46. Be6 g5+ 0-1

[Event "Ljubljana-chT 65th Superliga"]
[Site "Ljubljana"]
[Date "2012.01.26"]
[Round "3.2"]
[White "Karnar, Marijan"]
[Black "Persl, Bojan"]
[Result "1-0"]
[WhiteElo "2227"]
[BlackElo "2100"]
[PlyCount "85"]
[EventDate "2012.01.12"]
[EventType "team-tourn"]
[EventRounds "9"]
[EventCountry "SLO"]
[SourceTitle "EXT 2022"]
[Source "ChessBase"]
[SourceDate "2021.10.06"]
[SourceVersion "1"]
[SourceVersionDate "2021.10.06"]
[SourceQuality "1"]
[WhiteTeam "Domzale SD"]
[BlackTeam "Klinicni Center"]
[WhiteTeamCountry "SLO"]
[BlackTeamCountry "SLO"]

1. c4 e5 2. Nc3 Nf6 3. g3 c6 4. d4 d6 5. Bg2 Be7 6. e4 0-0 7. Nf3 Qc7 8. 0-0 Re8 9. h3 Nbd7 10. Be3 a6 11. Rc1 Bf8 12. a4 a5 13. d5 h6 14. Ne1 Nc5 15. Nd3 Nxd3 16. Qxd3 Bd7 17. Kh2 Rad8 18. f4 Bc8 19. f5 Be7 20. Qe2 Nh7 21. h4 Bd7 22. Bf3 Rb8 23. Qf2 Ra8 24. Rg1 Qd8 25. b3 Rf8 26. Rcd1 c5 27. Rg2 b6 28. Rh1 Be8 29. Kg1 Ra7 30. Qe2 Rb7 31. Rgh2 Kh8 32. Nd1 Rg8 33. Kf2 Bf8 34. Qd2 f6 35. Rg2 Rf7 36. Ke1 Be7 37. Bh5 Rff8 38. Bg6 Rf7 39. g4 Bf8 40. g5 fxg5 41. hxg5 Rb7 42. Nf2 Be7 43. Bxh7 1-0

[Event "SLO-CupT"]
[Site "Slovenia"]
[Date "2010.12.12"]
[Round "5.1"]
[White "Karnar, Marijan"]
[Black "Srebrnic, Marko"]
[Result "0-1"]
[WhiteElo "2233"]
[BlackElo "2331"]
[PlyCount "50"]
[EventDate "2010.05.09"]
[EventType "team-swiss"]
[EventRounds "5"]
[EventCountry "SLO"]
[SourceTitle "EXT 2024"]
[Source "ChessBase"]
[SourceDate "2023.10.10"]
[SourceVersion "1"]
[SourceVersionDate "2023.10.10"]
[SourceQuality "1"]
[WhiteTeam "Domzale"]
[BlackTeam "Nova Gorica"]
[WhiteTeamCountry "SLO"]
[BlackTeamCountry "SLO"]

1. c4 d6 2. Nc3 Nc6 3. g3 e5 4. Bg2 Be7 5. e3 h5 6. h3 h4 7. g4 f5 8. d4 Nh6 9. d5 Nb8 10. gxf5 Bxf5 11. e4 Bg6 12. Be3 Bg5 13. Qd2 Bxe3 14. Qxe3 Nd7 15. Nf3 Nf7 16. Rg1 Bh5 17. Bf1 Bxf3 18. Qxf3 Qf6 19. Be2 a6 20. 0-0-0 0-0-0 21. Rg2 Rdf8 22. Rdg1 Rh7 23. Kd1 Kd8 24. Rg6 Qxf3 25. Bxf3 Nh8 0-1

[Event "SLO-chT Central 1st League 11th"]
[Site "Slovenia"]
[Date "2010.10.21"]
[Round "6.1"]
[White "Karnar, Marijan"]
[Black "Hribar, Janez"]
[Result "1/2-1/2"]
[WhiteElo "2233"]
[BlackElo "2079"]
[PlyCount "31"]
[EventDate "2010.09.09"]
[EventType "team-tourn"]
[EventRounds "9"]
[EventCountry "SLO"]
[SourceTitle "EXT 2022"]
[Source "ChessBase"]
[SourceDate "2021.10.06"]
[SourceVersion "1"]
[SourceVersionDate "2021.10.06"]
[SourceQuality "1"]
[WhiteTeam "Komenda DU"]
[BlackTeam "Crni Graben"]
[WhiteTeamCountry "SLO"]
[BlackTeamCountry "SLO"]

1. c4 f5 2. Nf3 Nf6 3. g3 e6 4. Bg2 d5 5. d4 c6 6. 0-0 Bd6 7. b3 0-0 8. Ba3 Bxa3 9. Nxa3 Nbd7 10. b4 Qe7 11. Qb3 a6 12. Nc2 Ne4 13. Rad1 b5 14. cxb5 cxb5 15. Ne5 Bb7 16. Nd3 1/2-1/2

[Event "SLO-chT Central 1st League 11th"]
[Site "Slovenia"]
[Date "2010.10.13"]
[Round "5.1"]
[White "Oberc, Marjan"]
[Black "Karnar, Marijan"]
[Result "1/2-1/2"]
[WhiteElo "2000"]
[BlackElo "2233"]
[PlyCount "24"]
[EventDate "2010.09.09"]
[EventType "team-tourn"]
[EventRounds "9"]
[EventCountry "SLO"]
[SourceTitle "EXT 2022"]
[Source "ChessBase"]
[SourceDate "2021.10.06"]
[SourceVersion "1"]
[SourceVersionDate "2021.10.06"]
[SourceQuality "1"]
[WhiteTeam "Trzin Buscotrade"]
[BlackTeam "Komenda DU"]
[WhiteTeamCountry "SLO"]
[BlackTeamCountry "SLO"]

1. e4 e6 2. d4 d5 3. e5 c5 4. c3 Qb6 5. Bd3 Bd7 6. dxc5 Bxc5 7. Qe2 Nc6 8. Nf3 a5 9. Nbd2 a4 10. b4 axb3 11. Nxb3 Nge7 12. 0-0 Na5 1/2-1/2

[Event "Ljubljana-chT 62nd 1st League"]
[Site "Ljubljana"]
[Date "2009.02.05"]
[Round "5.1"]
[White "Oberc, Marjan"]
[Black "Karnar, Marijan"]
[Result "1/2-1/2"]
[WhiteElo "2042"]
[BlackElo "2257"]
[PlyCount "39"]
[EventDate "2009.01.08"]
[EventType "team-tourn"]
[EventRounds "9"]
[EventCountry "SLO"]
[SourceTitle "EXT 2022"]
[Source "ChessBase"]
[SourceDate "2021.10.06"]
[SourceVersion "1"]
[SourceVersionDate "2021.10.06"]
[SourceQuality "1"]
[WhiteTeam "Trzin Buscotrade"]
[BlackTeam "Domzale SD"]
[WhiteTeamCountry "SLO"]
[BlackTeamCountry "SLO"]

1. e4 e6 2. d4 d5 3. e5 c5 4. c3 Qb6 5. Nf3 Bd7 6. a3 a5 7. Nbd2 Nc6 8. Qb3 Qc7 9. Be2 Nh6 10. Nf1 a4 11. Qd1 Na5 12. Bxh6 gxh6 13. Ng3 cxd4 14. Nxd4 Qxe5 15. 0-0 Bg7 16. Re1 Qc7 17. Bb5 Bxb5 18. Nxb5 Qd7 19. Qxa4 0-0 20. Qg4 1/2-1/2

[Event "SLO-chT1 West"]
[Site "Ljubljana"]
[Date "2008.11.22"]
[Round "7.3"]
[White "Mestek, Igor"]
[Black "Karnar, Marijan"]
[Result "1/2-1/2"]
[WhiteElo "2159"]
[BlackElo "2259"]
[PlyCount "69"]
[EventDate "2008.11.13"]
[EventType "tourn"]
[EventRounds "9"]
[EventCountry "SLO"]
[SourceTitle "EXT 2010"]
[Source "ChessBase"]
[SourceDate "2010.11.25"]
[SourceVersion "1"]
[SourceVersionDate "2010.11.25"]
[SourceQuality "1"]
[WhiteTeam "Kocevje"]
[BlackTeam "Domzale"]
[WhiteTeamCountry "SLO"]
[BlackTeamCountry "SLO"]

1. e4 e6 2. Nf3 d5 3. Nc3 Nf6 4. e5 Nfd7 5. d4 a6 6. a3 c5 7. dxc5 Nc6 8. Bf4 Bxc5 9. Bd3 Qc7 10. 0-0 Be7 11. Re1 b5 12. Qd2 Nb6 13. b4 Bb7 14. Ne2 h6 15. h3 Na4 16. c3 Rc8 17. Rac1 Qb8 18. Be3 Bd8 19. Nfd4 Bc7 20. Nxc6 Bxc6 21. Bd4 Bb6 22. Qf4 Nb2 23. Qe3 Bxd4 24. Nxd4 Bd7 25. Nb3 Na4 26. Bb1 Rc4 27. Qg3 g5 28. Nd2 Rc7 29. Qf3 Qd8 30. Nb3 Qe7 31. Qe3 Bc8 32. Nd4 0-0 33. Qd3 f5 34. exf6 Qxf6 35. Qe3 1/2-1/2

[Event "SLO-chT1 West"]
[Site "Ljubljana"]
[Date "2008.11.15"]
[Round "3.2"]
[White "Praznik, Niko"]
[Black "Karnar, Marijan"]
[Result "1/2-1/2"]
[WhiteElo "2369"]
[BlackElo "2259"]
[PlyCount "95"]
[EventDate "2008.11.13"]
[EventType "tourn"]
[EventRounds "9"]
[EventCountry "SLO"]
[SourceTitle "EXT 2010"]
[Source "ChessBase"]
[SourceDate "2010.11.25"]
[SourceVersion "1"]
[SourceVersionDate "2010.11.25"]
[SourceQuality "1"]
[WhiteTeam "Vrhnika"]
[BlackTeam "Domzale"]
[WhiteTeamCountry "SLO"]
[BlackTeamCountry "SLO"]

1. c4 Nf6 2. g3 g6 3. Bg2 Bg7 4. Nc3 c5 5. e4 Nc6 6. Nge2 d6 7. d3 0-0 8. 0-0 Rb8 9. Rb1 Bd7 10. h3 Ne8 11. f4 a6 12. a3 Nd4 13. b4 b5 14. Be3 Nc7 15. bxc5 dxc5 16. e5 Nce6 17. Nd5 f6 18. exf6 Bxf6 19. Nxf6+ exf6 20. Nxd4 Nxd4 21. Bxd4 cxd4 22. cxb5 Rxb5 23. Rxb5 axb5 24. Qb3+ Kg7 25. Qd5 Qe7 26. Qxd4 Rd8 27. Qa7 Re8 28. Kh2 Bf5 29. Qxe7+ Rxe7 30. Rd1 Ra7 31. g4 Bd7 32. Rc1 Kf8 33. Rc3 Ke7 34. Kg3 Kd6 35. Kf2 Ra4 36. Ke3 h5 37. gxh5 gxh5 38. h4 b4 39. axb4 Rxb4 40. Bf3 Rb1 41. Ra3 Bg4 42. Ra6+ Ke7 43. Be4 Re1+ 44. Kd4 Rf1 45. Kd5 f5 46. Ra7+ Kf6 47. Ra6+ Kf7 48. Ra7+ 1/2-1/2